Podvojné účtovníctvo podnikateľov z daňového hľadiska

Gespeichert in:
Bibliographische Detailangaben
1. Verfasser: Rebrová, Magdaléna
Format: Buch
Sprache:Slowakisch
Veröffentlicht: Bratislava Elita 1993
Ausgabe:1. vyd.
Schlagworte:
Tags: Tag hinzufügen
Keine Tags, Fügen Sie das erste Tag hinzu!

MARC

LEADER 00000nam a2200000 4500
001 c004324
005 20221128073602.3
020 |a 80-85323-35-4 
041 0 |a slo 
044 |a SK 
245 1 0 |a Podvojné účtovníctvo podnikateľov z daňového hľadiska  |c Magdaléna Rebrová 
250 |a 1. vyd. 
264 1 |a Bratislava  |b Elita  |c 1993 
300 |a 144 s. 
610 2 0 |a účtovníctvo podvojné 
610 2 0 |a podnikatelia 
610 2 0 |a osnova účtová 
610 2 0 |a triedy účtové 
100 1 |a Rebrová, Magdaléna